MARC details
| 000 -LEADER |
| fixed length control field |
03190cam a22004094a 4500 |
| 001 - CONTROL NUMBER |
| control field |
7522997 |
| 003 - CONTROL NUMBER IDENTIFIER |
| control field |
ARRUPE |
| 005 - DATE AND TIME OF LATEST TRANSACTION |
| control field |
20141002142423.0 |
| 008 - FIXED-LENGTH DATA ELEMENTS--GENERAL INFORMATION |
| fixed length control field |
090629s2009 ilu b 001 0 eng |
| 010 ## - LIBRARY OF CONGRESS CONTROL NUMBER |
| LC control number |
2009026586 |
| 020 ## - INTERNATIONAL STANDARD BOOK NUMBER |
| International Standard Book Number |
9780830838684 (pbk. : alk. paper) |
| 020 ## - INTERNATIONAL STANDARD BOOK NUMBER |
| International Standard Book Number |
0830838686 (pbk. : alk. paper) |
| 024 ## - OTHER STANDARD IDENTIFIER |
| Standard number or code |
99935718243 |
| 035 ## - SYSTEM CONTROL NUMBER |
| System control number |
(OCoLC)421949536 |
| 035 ## - SYSTEM CONTROL NUMBER |
| System control number |
(OCoLC)ocn421949536 |
| 035 ## - SYSTEM CONTROL NUMBER |
| System control number |
(NNC)7522997 |
| 040 ## - CATALOGING SOURCE |
| Original cataloging agency |
DLC |
| Transcribing agency |
DLC |
| Modifying agency |
BTCTA |
| -- |
C#P |
| -- |
CFT |
| -- |
OrLoB-B |
| 050 00 - LIBRARY OF CONGRESS CALL NUMBER |
| Classification number |
BT303.2 |
| Item number |
.B365 2009 |
| 082 00 - DEWEY DECIMAL CLASSIFICATION NUMBER |
| Classification number |
232.9/08 |
| Edition number |
22 |
| 300 ## - PHYSICAL DESCRIPTION |
| Dimensions |
23 cm. |
| 245 04 - TITLE STATEMENT |
| Title |
The historical Jesus : |
| Remainder of title |
five views / |
| Statement of responsibility, etc |
edited by James K. Beilby and Paul Rhodes Eddy. |
| 260 ## - PUBLICATION, DISTRIBUTION, ETC. (IMPRINT) |
| Place of publication, distribution, etc |
Downers Grove, Ill. : |
| Name of publisher, distributor, etc |
IVP Academic, |
| Date of publication, distribution, etc |
c2009. |
| 300 ## - PHYSICAL DESCRIPTION |
| Extent |
312 p. ; |
| 504 ## - BIBLIOGRAPHY, ETC. NOTE |
| Bibliography, etc |
Includes bibliographical references and indexes. |
| 505 00 - FORMATTED CONTENTS NOTE |
| Title |
The Quest for the Historical Jesus: An Introduction / |
| Statement of responsibility |
Paul Rhodes Eddy and James K. Beilby -- |
| Miscellaneous information |
1. |
| Title |
Jesus at the Vanishing Point / |
| Statement of responsibility |
Robert M. Price -- |
| Title |
Responses / |
| Statement of responsibility |
John Dominic Crossan, Luke Timothy Johnson, James D. G. Dunn and Darrell L. Bock -- |
| Miscellaneous information |
2. |
| Title |
Jesus and the Challenge of Collaborative Eschatology / |
| Statement of responsibility |
John Dominic Crossan -- |
| Title |
Responses / |
| Statement of responsibility |
Robert M. Price, Luke Timothy Johnson, James D. G. Dunn and Darrell L. Bock -- |
| Miscellaneous information |
3. |
| Title |
Learning the Human Jesus Historical Criticism and Literary Criticism / |
| Statement of responsibility |
Luke Timothy Johnson -- |
| Title |
Responses / |
| Statement of responsibility |
Robert M. Price, John Dominic Crossan, James D. G. Dunn and Darrell L. Bock -- |
| Miscellaneous information |
4. |
| Title |
Remembering Jesus -- |
| -- |
How the Quest of the Historical Jesus Lost Its Way / |
| Statement of responsibility |
James D. G. Dunn -- |
| Title |
Responses / |
| Statement of responsibility |
Robert M. Price, John Dominic Crossan, Luke Timothy Johnson and Darrell L. Bock -- |
| Miscellaneous information |
5. |
| Title |
The Historical Jesus -- |
| -- |
An Evangelical View / |
| Statement of responsibility |
Darrell L. Bock -- |
| Title |
Responses / |
| Statement of responsibility |
Robert M. Price, John Dominic Crossan, Luke Timothy Johnson and James D. G. Dunn. |
| 520 1# - SUMMARY, ETC. |
| Summary, etc |
"The Historical Jesus: Five Views, provides a venue for readers to sit in on a virtual seminar on the historical Jesus. Beginning with a scene-setting historical introduction by the editors, prominent figures in the Jesus quest set forth their views and respond to their fellow scholars." "On the one end Robert M. Price lucidly maintains that the probability of Jesus' existence has reached the "vanishing point," and on the other Darrell Bock ably argues that while critical method yields only a "gist" of Jesus, it takes us in the direction of the Gospel portraits. In between there are numerous avenues to explore, questions to be asked and "assured results" to be weighed. And John Dominic Crossan, Luke Timothy Johnson and James D. G. Dunn probe these issues with formidable knowledge and honed insight, filling out a further range of options."--BOOK JACKET. |
| 600 00 - SUBJECT ADDED ENTRY--PERSONAL NAME |
| Personal name |
Jesus Christ |
| General subdivision |
Historicity |
| -- |
History of doctrines |
| Chronological subdivision |
21st century. |
| 9 (RLIN) |
11951 |
| 700 1# - ADDED ENTRY--PERSONAL NAME |
| Personal name |
Beilby, James K. |
| 9 (RLIN) |
11952 |
| 700 1# - ADDED ENTRY--PERSONAL NAME |
| Personal name |
Eddy, Paul R. |
| 9 (RLIN) |
11953 |
| 700 1# - ADDED ENTRY--PERSONAL NAME |
| Personal name |
Price, Robert M., |
| Dates associated with a name |
1954- |
| 9 (RLIN) |
11954 |
| 700 1# - ADDED ENTRY--PERSONAL NAME |
| Personal name |
Crossan, John Dominic. |
| 9 (RLIN) |
4496 |
| 700 1# - ADDED ENTRY--PERSONAL NAME |
| Personal name |
Johnson, Luke Timothy. |
| 9 (RLIN) |
4200 |
| 700 1# - ADDED ENTRY--PERSONAL NAME |
| Personal name |
Dunn, James D. G., |
| Dates associated with a name |
1939- |
| 9 (RLIN) |
3332 |
| 700 1# - ADDED ENTRY--PERSONAL NAME |
| Personal name |
Bock, Darrell L. |
| 9 (RLIN) |
11955 |
| 900 ## - EQUIVALENCE OR CROSS-REFERENCE-PERSONAL NAME [LOCAL, CANADA] |
| Numeration |
TOC |
| 942 ## - ADDED ENTRY ELEMENTS (KOHA) |
| Source of classification or shelving scheme |
Library of Congress Classification |
| Koha item type |
Monograph ( Printed materials) |
| 948 1# - LOCAL PROCESSING INFORMATION (OCLC); SERIES PART DESIGNATOR (RLIN) |
| Series part designator, SPT (RLIN) |
20100113 |
| b (OCLC) |
c |
| c (OCLC) |
as2107 |
| d (OCLC) |
MPS |